00469nam a2200157Ia 4500003000900000008004100009040001600050080001200066100001400078245012200092260002800214300001900242650001900261650001200280700001900292IN-BaIIA211028s9999 xx 000 0 eng d cIIA Library a53bDUN aDuncan, J 2aA Text book of physicsbpt. 2, heat, for the use of students of science and engineeringcJ. Duncan and S. G. Starling aLondonbMacmillanc1931 axii, 314-548p. aNASA Thesaurus aPhysics aStarling, S. G